| 000 | 00647nam a2200217 i 4500 | ||
|---|---|---|---|
| 001 | 90112 | ||
| 003 | ES-MaACL | ||
| 005 | 20250804062540.0 | ||
| 007 | t| | ||
| 008 | 050118s1972 sp ||||1| spa d | ||
| 100 | 1 |
_aLefebvre, Henri. _971225 |
|
| 245 | 1 | 3 |
_aLa revolución urbana / _cHenri Lefebvre ; [traducción, Mario Nolla]. |
| 260 |
_aMadrid : _bAlianza, _c[1972] |
||
| 300 |
_a198 p. ; _c18 cm. |
||
| 490 | 1 |
_aEl libro de bolsillo ; _v378 |
|
| 650 | 0 | 4 |
_aSociología urbana. _917217 |
| 700 | 1 |
_aNolla, Mario. _985916 |
|
| 830 | 0 | 3 |
_aEl libro de bolsillo _v378 _9177802 |
| 852 |
_aES-MaACL _jC-42860 _bR.81827 |
||
| 999 |
_c90112 _d90112 |
||